| 000 | 02158namaa2200313 cb4500 | ||
|---|---|---|---|
| 001 | BV005305351 | ||
| 003 | DE-70 | ||
| 005 | 20260401131151.0 | ||
| 006 | m|||| o||u| |||||| | ||
| 007 | tu | ||
| 007 | 7 | ||
| 008 | 920527s1980 a||| |||| 00||| und d | ||
| 020 |
_a9781003675600 _9978-1-003-67560-0 |
||
| 024 |
_a9781003675600 _a978-1-003-67560-0 |
||
| 040 | _cRU-10907106 | ||
| 041 | _aeng | ||
| 100 |
_aLago, Enrico Dal _4aut _969027 |
||
| 245 |
_aTransnational Comparisons in Nineteenth-Century History _bTheory and Case Studies Routledge Approaches to History |
||
| 264 |
_aLondon _bTaylor & Francis _c2026 |
||
| 300 | _a226 Seiten | ||
| 336 |
_2rdacontent _aText _btxt |
||
| 337 |
_2rdamedia _aComputermedien _bbc |
||
| 338 |
_2rdacarrier _aOnline Ressource _bcr |
||
| 490 | _aRoutledge Approaches to History | ||
| 500 | _aE-Book / Zugriff nur im Lesesaal | ||
| 520 | _aIntroduction: Transnational Comparisons in Nineteenth-Century History in Theory and Practice Part 1: Transnational Comparison of Historical Individuals 1. We Cherished the Same Hostility to Every Form of Tyranny : Transatlantic Parallels and Contacts between William Lloyd Garrison and Giuseppe Mazzini Part 2: Transnational Comparison of Historical Groups 2. American Slaveholders and Southern Italian Landowners in the Age of the Second Slavery : Economics, Labour Management, and Regional Politics Part 3: Transnational Comparison of Historical Cities 3.The City as Social Display: Agrarian Elites and Urban Images in Charleston and Palermo Part 4: Transnational Comparison of Historical Events 4.Emancipation from Slavery and Serfdom, and Land Rights: The Americas and Eastern Europe Compared Part 5: Transnational Comparison of Historical Processes 5. The U.S. Civil War Era, the Italian Risorgimento Era, and Nineteenth-Century Euro-American Nationalisms Part 6: Transnational Comparison of Historical Beliefs 6. Empires, Workers, and Saints: Progressive Imperialism , Working-Class Radicalism, and the Rise of New Millennial Cults in the United States and Italy in the 1870s. Conclusion | ||
| 856 |
_zVolltext _uhttps://doi.org/10.4324/9781003675600 |
||
| 942 |
_cEB _2z |
||
| 999 |
_c74057 _d74057 |
||